000 01489cam a2200181 4500500
005 20251228095048.0
041 _afre
042 _adc
100 1 0 _aSamama, Guy
_eauthor
245 0 0 _aÀ perte de traces
260 _c2018.
500 _a16
520 _aLe plus souvent, disparition et mort sont associées au point même d’être identifiées. Or, il existe des modes infiniment variés, des formes plus subtiles, de disparition. Pour un regard ne s’arrêtant pas aux apparences, la finalité de la disparition serait peut-être à chercher dans ce qui se donne pour son négatif et son envers : la transmission.
520 _aMost of the time, disappearance and death are associated and even identified with each other. There are, however, forms of disppearance which are infinitely varied and much more subtle. If our gaze did not stop at appearances, we might seek the finality of disappearance in what seems to be its negative and its opposite – transmission.
520 _aÉ tão frequente associarmos desaparecimento e morte que tendemos a confundir as duas realidades. Ora, existem muitas outras, mais variadas e subtis formas de desaparecimento. Para o olhar que não se limita às aparências, a finalidade do desaparecimento deve ser procurada no seu reverso ou duplo negativo: a transmissão.
786 0 _nSigila | 41 | 1 | 2018-06-01 | p. 21-33 | 1286-1715
856 4 1 _uhttps://shs.cairn.info/revue-sigila-2018-1-page-21?lang=fr&redirect-ssocas=7080
999 _c1605451
_d1605451